El dominio del hecho en el derecho penal Referencia a la autora̕ en la Criminalidad Organizada /

Detalles Bibliográficos
Autor principal: Piva Torres, Gianni Egidio
Otros Autores: Granadillo Malave, Alfonzo
Formato: eBook
Lenguaje:español
Publicado: Barcelona: J.M. Bosch Editor, 2019
Materias:
Acceso en línea:Acceso restringido

MARC

LEADER 00000nam a22000007a 4500
005 20200206123235.0
007 cr|||| ||||
008 200206s2019 es |||||s|||| 00||0 spa d
020 |a 978-84-120892-7-1 
035 |a 31109 
040 |a vLex 
090 |c 10138  |d 10138 
100 1 |a Piva Torres, Gianni Egidio 
245 1 2 |a El dominio del hecho en el derecho penal  |h [Recurso electrn̤ico] :  |b Referencia a la autora̕ en la Criminalidad Organizada /  |c Gianni Egidio Piva Torres, Alfonzo Granadillo Malave 
256 |a Servicio en ln̕ea 
260 |a Barcelona:  |b J.M. Bosch Editor,  |c 2019 
300 |a 1 recurso electrn̤ico 
500 |a En la presente obra se hace un esbozo sobre la teora̕ del dominio del hecho, desde la doctrina cls̀ica hasta las modernas tendencias sobre esta teora̕. Igualmente se hace un anl̀isis de la jurisprudencia sobre la materia. Dividida la obra en dos partes, la primera estudia la teora̕ del domino del hecho, su concepto, funciones, teora̕s en que se fundamenta, formas de la conducta, sus modalidades y sus principales pensadores. La segunda parte se dedica al estudio de la autora̕ en el tipo penal de Criminalidad Organizada, un enfoque desde la p̤tica de la Convencin̤ de Palermo, hasta el anl̀isis del tipo penal como se concibe en nuestro derecho interno, as ̕como las diversas teora̕s que explican los grados de participacin̤ delictual de sus miembros. 
506 1 |a Disponible solo en los productos indicados  |d vLex Global  |d vLex Global (Academic Edition, excluding Law Schools)  |d vLex Global (U.S. Academic Edition, Law Schools)  |d vLex Global (U.S. Academic Edition, excluding Law Schools)  |d vLex Global (Academic Edition, Law Schools) 
650 0 4 |a Derecho Penal  |z Espaą 
650 0 4 |a Procedimiento Penal  |z Espaą 
700 1 |a Granadillo Malave, Alfonzo 
740 0 |a vLex Libros (Servicio en ln̕ea) 
856 4 0 |u http://vlex.com/source/dominio-del-hecho-en-el-derecho-penal-referencia-a-la-autoria-en-la-criminalidad-organizada-31109  |z Acceso restringido 
942 |c BOOK 
999 0 |a Criminal Law 
999 0 |a Criminal Procedure